Nuestro primer hijo / (Record no. 41740)

MARC details
000 -LEADER
campo de control de longitud fija 00555nam a2200181 i 4500
001 - NÚMERO DE CONTROL
campo de control 41740
003 - IDENTIFICADOR DE NÚMERO DE CONTROL
campo de control ES-MaACL
005 - FECHA Y HORA DE LA ÚLTIMA TRANSACCIÓN
campo de control 20230906160502.0
007 - CAMPO FIJO DE DESCRIPCIÓN FÍSICA--INFORMACIÓN GENERAL
campo de control de longitud fija t|
008 - DATOS DE LONGITUD FIJA--INFORMACIÓN GENERAL
campo de control de longitud fija 030311s1958 sp ||||1| spa d
100 1# - ENTRADA PRINCIPAL--NOMBRE DE PERSONA
Nombre de persona Castallo, Mario A.
9 (RLIN) 36384
245 10 - MENCIÓN DEL TÍTULO
Título Nuestro primer hijo /
Mención de responsabilidad, etc. por Mario A. Castallo ; [traducción directa del inglés por E. Donato Prunera].
250 ## - MENCION DE EDICION
Mención de edición 1ª ed.
260 ## - PUBLICACIÓN, DISTRIBUCIÓN, ETC.
Lugar de publicación, distribución, etc. Barcelona :
Nombre del editor, distribuidor, etc. Bruguera,
Fecha de publicación, distribución, etc. [1958]
300 ## - DESCRIPCIÓN FÍSICA
Extensión 233 p. :
Otras características físicas il. ;
Dimensiones 21 cm.
700 1# - ENTRADA AGREGADA--NOMBRE PERSONAL
Nombre de persona Donato Prunera, E.
9 (RLIN) 45296
852 ## - LOCALIZACIÓN
Ubicación ES-MaACL
Número de control de estantería C-16183
Sublocalización o colección R.44152
Holdings
Estatus retirado Estado de pérdida Estado de daño No para préstamo Biblioteca de origen Biblioteca actual Ubicación en estantería Fecha de adquisición Fuente de adquisición Total de préstamos Signatura topográfica completa Código de barras Visto por última vez Precio de reemplazo Tipo de ítem Koha
        Biblioteca del Ateneo de Madrid Biblioteca del Ateneo de Madrid Ficheros 17/01/2008     C-16183 1043941 23/02/2023 23/02/2023 Libro impreso